| 000 | 01465nac a2200289 a 4500 | ||
|---|---|---|---|
| 003 | CO-PeBPM | ||
| 005 | 20251107172357.0 | ||
| 008 | 251107s2024 ck a|||| |||| 00| 0 spa d | ||
| 020 | _a9789580716914 | ||
| 040 |
_aCO-PeBPM _bspa _cCO-PeBPM _erda |
||
| 041 | _aspa | ||
| 082 | 0 | 4 |
_a(i) Co863 R758g _222 |
| 100 | 1 |
_aRomán, Celso _eautor |
|
| 245 | 1 | 0 |
_aGigantes _c / Celso Román ; ilustraciones Alekos |
| 250 | _aEdición especial | ||
| 260 |
_aBogotá, Colombia _b: Susaeta _c, 2024 |
||
| 300 |
_a34 páginas _bilustraciones a color _c22,5 centimetros |
||
| 490 | _aPlan Nacional de Lectura, Escritura y Oralidad / Ministerio de las Culturas, las Artes y los Saberes | ||
| 520 | _aLos gigantes nos dejaron un hermoso mundo. Jugaron con las montañas cambiándolas de lugar, movieron los lagos con alegría y les dieron a las aves motivos para volar. Alekos los dibujó tal como los viera en las palabras de Celso Román. Te invitamos a disfrutar la explicación mágica de nuestro bello planeta con las alas de la fantasía... Tomado de la contracubierta del libro | ||
| 521 | _aRecomendado para 7 a 12 años | ||
| 650 | 1 | 4 |
_aCuentos infantiles colombianos _2LEMB |
| 650 | 1 | 4 |
_aLiteratura infantil colombiana _2LEMB |
| 650 | 1 | 4 |
_aConservación de la naturaleza - Literatura infantil _2LEMB |
| 700 | 1 |
_aAlekos seudónimo _d, 1953- _eilustraciones |
|
| 942 |
_2ddc _cLITA _n0 |
||
| 999 |
_c61431 _d61431 |
||